| 000 | 00652nam a22001937a 4500 | ||
|---|---|---|---|
| 008 | 161010b xxu||||| |||| 00| 0 eng d | ||
| 020 | _a0531046419 | ||
| 050 | _aJF 515 .P694 1985 | ||
| 100 |
_aPower, David Guy. _d1985 |
||
| 245 |
_aHow to Run a Meeting/ _cDavid Guy Power, Mary K. Harmon and Anne Canevari Green. |
||
| 260 |
_aNew York: _bFranklin Watts, _c1985. |
||
| 300 |
_a61p.: _bill.; |
||
| 521 | _aIncludes Index. | ||
| 650 | _aParliamentary Practice-Juvenile Literature. | ||
| 650 | _aParliamentary Practice. | ||
| 700 | _aHarmon, Mary K. | ||
| 700 | _aGreen, Anne Canevari. | ||
| 942 |
_2lcc _cBOOKS _hJF 515 .P694 1985 _02 |
||
| 999 |
_c14825 _d14825 |
||